| 000 | 00445 a2200157 4500 | ||
|---|---|---|---|
| 020 | _a997151396X | ||
| 040 |
_aDLC _bDLC |
||
| 082 | _a515 | ||
| 100 | _aApostol, Tom M. | ||
| 245 |
_a Calculus, Vol.1 _c Tom M, Apostol |
||
| 260 |
_aSigapore: _bJ. Wiley & Sons (Asia) Pte. Ltd., _c c2003. |
||
| 300 |
_avol,1.xx, 666 p. : _bill. ; _c 24 cm. |
||
| 500 | _aIncludes Index | ||
| 650 | _a1.Mathematical analysis.2.Calculus. | ||
| 942 |
_cBK _k515 APO _2ddc |
||
| 999 |
_c7505 _d7505 |
||